000 01013nam a22002537a 4500
999 _c6937
_d6937
003 AR-CdUCM
008 190319b ||||| |||| 00| 0 spa d
040 _aMUNICIPALIDAD PROVINCIAL DEL CUSCO
_cBIBLIOTECA MUNICIPAL DEL CUSCO
041 _heng
082 _a633.61 /
_bH93
100 _aHumbert, Roger P.
_919545
245 _aEl cultivo de la caaña de azúcar /
260 _aMéxico D. F :
_bContinental,
_c1974.
300 _a719 páginas ;
_bIlustraciones, mapa,
_c24 cm.
500 _aTitulo original: The growing of sugar cane
505 _aFactores que afectan el desarrollo de la caña -- Preparación del suelo -- Siembra de la caña de azúcar -- La nutrición de la caña de azúcar ...
650 _aCultivo
_919546
650 _aCaña de azúcar
_919547
650 _aPlagas y enfermedades
_919548
700 _aGonzalez Gallardo, Alfonso
_919549
710 _aCentro Regional de Ayuda Técnica, Agencia para el Desarrollo Interanacional (AID)
_919550
942 _2ddc
_cLIBROS
945 _aacv